I remember Nelson Mandela (Record no. 630396)

MARC details
000 -LEADER
fixed length control field 00745nam a22002057a 4500
003 - CONTROL NUMBER IDENTIFIER
control field 3228
005 - DATE AND TIME OF LATEST TRANSACTION
control field 20220908094150.0
008 - FIXED-LENGTH DATA ELEMENTS--GENERAL INFORMATION
fixed length control field eng
020 ## - INTERNATIONAL STANDARD BOOK NUMBER
International Standard Book Number 9781431426621
Qualifying information Hard cover
040 ## - CATALOGING SOURCE
Transcribing agency 3228
Original cataloging agency RDA
082 ## - DEWEY DECIMAL CLASSIFICATION NUMBER
Classification number 968.071092 NAID
100 ## - MAIN ENTRY--PERSONAL NAME
Personal name Naidoo Vimla; Venter Sahm
9 (RLIN) 130353
245 ## - TITLE STATEMENT
Title I remember Nelson Mandela
Statement of responsibility, etc. Edited by Naidoo Vimla; Venter Sahm ;Foreword by Graca Machel
260 ## - PUBLICATION, DISTRIBUTION, ETC.
Place of publication, distribution, etc. Auckland Park:
Name of publisher, distributor, etc. Jacana Media,
Date of publication, distribution, etc. 2018
300 ## - PHYSICAL DESCRIPTION
Extent 269 pages
Dimensions 21cm
504 ## - BIBLIOGRAPHY, ETC. NOTE
Bibliography, etc. note A collection of remembrances from those who worked with, for and beside Nelson Mandela. More than one hundred individuals, from household staff to bodyguards and presidential advisors, provide warm.
521 ## - TARGET AUDIENCE NOTE
Target audience note Adult
546 ## - LANGUAGE NOTE
Language note English
942 ## - ADDED ENTRY ELEMENTS
Source of classification or shelving scheme Dewey Decimal Classification
item type Books
-- 162
-- Elsie Maluleke
Holdings
Withdrawn status Lost status Source of classification or shelving scheme Damaged status Not for loan Collection code Home library Current library Shelving location Date acquired Total Checkouts Full call number Barcode Date last seen Date last checked out Price effective from item type Cost, normal purchase price
    Dewey Decimal Classification     900: History & Geography ERMELO REGIONAL LIBRARY Amsterdam P.L. General Stacks 09.04.2024   968.071092 NAID 33228031003325 09.04.2024   09.04.2024 Books  
    Dewey Decimal Classification     900: History & Geography MBOMBELA REGIONAL LIBRARY Emtfuntini General Stacks 21.10.2025   968.071092 NAID 33228031066143 21.10.2025   21.10.2025 Books 220.00
    Dewey Decimal Classification       KWAMHLANGA REGIONAL LIBRARY Hendrina PL (MMID-PLST-HEND) General Stacks 02.02.2022 3 NF 968.071092 NAID 33228031020960 06.06.2026 26.05.2026 02.02.2022 Book  
    Dewey Decimal Classification       LYDENBURG REGIONAL LIBRARY LYDENBURG REGIONAL LIBRARY Non Fiction 08.09.2022   968.071092 NAID 33228031026601 08.09.2022   08.09.2022 Books  
    Dewey Decimal Classification       LYDENBURG REGIONAL LIBRARY MP Stream   17.01.2024   968.071092 NAID 33228031029757 17.01.2024   17.01.2024 Books  
    Dewey Decimal Classification     900: History & Geography MBOMBELA REGIONAL LIBRARY Somuhle General Stacks 11.05.2022   968.071092 NAID 33228031062239 11.05.2022   11.05.2022 Books 220.00
    Dewey Decimal Classification     900: History & Geography KWAMHLANGA REGIONAL LIBRARY THEMBISILE HANI Public Library 24 General Stacks 14.07.2023   968.071092 NAID 33232803102105 14.07.2023   14.07.2023 Books  
    Dewey Decimal Classification       LYDENBURG REGIONAL LIBRARY Thulamahashe   25.04.2023   968.071092 NAID 33228031026001 25.04.2023   25.04.2023 Books